000 00542cam a2200169 4500500
005 20251012032455.0
041 _afre
042 _adc
100 1 0 _aDrummond de Andrade, Carlos
_eauthor
700 1 0 _a Py-Daniel Lépine, Ruth
_eauthor
700 1 0 _a Lévi, Florence
_eauthor
245 0 0 _aO caminho da luz-Le chemin de la lumière
260 _c2000.
500 _a36
786 0 _nSigila | 6 | 2 | 2000-12-20 | p. 162-167 | 1286-1715
856 4 1 _uhttps://shs.cairn.info/revue-sigila-2000-2-page-162?lang=fr&redirect-ssocas=7080
999 _c1547369
_d1547369